[Event "España tch - División de Honor 2012"]
[Site "Leon ESP"]
[Date "2012.11.05"]
[Round "1.11"]
[White "Marin, Mihail"]
[Black "Alsina Leal, Daniel"]
[Result "1-0"]
[WhiteElo "2547"]
[BlackElo "2536"]
[PlyCount "111"]
[EventDate "2012.11.05"]
[EventType "team"]
[EventRounds "7"]
[EventCountry "ESP"]
[Source "lmi"]
[SourceDate "2012.11.05"]

1. d4 Nf6 2. Nf3 c5 3. e3 d5 4. Nbd2 e6 5. b3 Nbd7 6. Bd3 Be7 7. Bb2 b6 8. Ne5
Bb7 9. f4 Qc7 10. O-O O-O 11. Qe2 Ne4 12. Nxe4 dxe4 13. Bc4 Nxe5 14. dxe5 Rad8
15. f5 exf5 16. Rxf5 g6 17. Rf4 Bg5 18. Rg4 Qe7 19. e6 f6 20. Rf1 b5 21. h4
bxc4 22. hxg5 fxg5 23. Rxf8+ Rxf8 24. Qxc4 h6 25. Qc3 Kh7 26. Qe5 Rg8 27. Rxg5
Bc8 28. Qxc5 Re8 29. Re5 Qxc5 30. Rxc5 g5 31. Rc7+ Kg6 32. g4 h5 33. gxh5+ Kxh5
34. e7 a6 35. Bg7 Kg6 36. Bf8 Kf7 37. Rc6 Bg4 38. Rxa6 Rc8 39. Rd6 Rc7 40. c4
Bd7 41. Kf2 Be8 42. Kg3 Ra7 43. Rd2 Bd7 44. a4 Be8 45. Rf2+ Kg6 46. Ra2 Rb7 47.
a5 Rxb3 48. a6 Rb8 49. a7 Ra8 50. Ra6+ Kf7 51. Kg4 Bd7+ 52. Kxg5 Bc8 53. Rf6+
Ke8 54. Rd6 Bd7 55. c5 Ba4 56. Rd8+ 1-0

[Event "España tch - División de Honor 2012"]
[Site "Leon ESP"]
[Date "2012.11.05"]
[Round "1.12"]
[White "Fluvia Poyatos, Joan"]
[Black "Jerez Perez, Alfonso"]
[Result "1-0"]
[WhiteElo "2490"]
[BlackElo "2411"]
[PlyCount "91"]
[EventDate "2012.11.05"]
[EventType "team"]
[EventRounds "7"]
[EventCountry "ESP"]
[Source "lmi"]
[SourceDate "2012.11.05"]

1. e4 c5 2. Nf3 d6 3. d4 Nf6 4. Nc3 cxd4 5. Nxd4 Nc6 6. Bg5 Bd7 7. Qd2 Rc8 8.
f4 Ng4 9. Nxc6 Bxc6 10. Be2 Nf6 11. Bxf6 gxf6 12. O-O-O Qa5 13. Kb1 Qc5 14. f5
h5 15. Qd3 h4 16. Rhf1 Bh6 17. Rf3 Bg5 18. Nd5 Bxd5 19. exd5 Qb4 20. c4 Rc7 21.
Qe4 Qc5 22. a3 Kd8 23. Ka2 Kc8 24. Rd4 Kb8 25. Rc3 Rhc8 26. Bh5 Rf8 27. Qd3 a6
28. Rc2 Rd7 29. b4 Qc8 30. c5 dxc5 31. bxc5 e5 32. Rb4 Rc7 33. Qxa6 Be3 34. c6
b6 35. Qd3 Bd4 36. Bf3 Rd8 37. Be4 Rd6 38. g3 hxg3 39. Qxg3 Qd8 40. Qb3 Ra7 41.
Ra4 Qc7 42. Rcc4 Rd8 43. Rxa7 Kxa7 44. Ra4+ Kb8 45. Qb5 Qc8 46. Rxd4 1-0

[Event "España tch - División de Honor 2012"]
[Site "Leon ESP"]
[Date "2012.11.05"]
[Round "1.14"]
[White "Asis Gargatagli, Hipolito"]
[Black "L'Ami, Alina"]
[Result "1/2-1/2"]
[WhiteElo "2474"]
[BlackElo "2381"]
[PlyCount "72"]
[EventDate "2012.11.05"]
[EventType "team"]
[EventRounds "7"]
[EventCountry "ESP"]
[Source "lmi"]
[SourceDate "2012.11.05"]

1. e4 c5 2. Nf3 d6 3. d4 cxd4 4. Nxd4 Nf6 5. Nc3 a6 6. Qf3 g6 7. h3 Bg7 8. Be3
O-O 9. O-O-O Bd7 10. g4 Nc6 11. Qg2 Rc8 12. f4 Nxd4 13. Bxd4 e5 14. fxe5 dxe5
15. Bxe5 Re8 16. Bxf6 Bxf6 17. Nd5 Bg7 18. g5 Qa5 19. Kb1 Be6 20. Qd2 Qxd2 21.
Rxd2 Bxd5 22. Rxd5 Rxe4 23. Bd3 Rb4 24. b3 Rd4 25. Rxd4 Bxd4 26. Re1 Kf8 27. c4
Re8 28. Rf1 Re3 29. Kc2 b6 30. h4 f5 31. gxf6 Re6 32. h5 Rxf6 33. Rxf6+ Bxf6
34. hxg6 hxg6 35. Bxg6 a5 36. Kd3 Ke7 1/2-1/2

[Event "España tch - División de Honor 2012"]
[Site "Leon ESP"]
[Date "2012.11.05"]
[Round "1.15"]
[White "Granados Gomez, Manuel"]
[Black "Fluvia Poyatos, Jordi"]
[Result "1/2-1/2"]
[WhiteElo "2374"]
[BlackElo "2467"]
[PlyCount "71"]
[EventDate "2012.11.05"]
[EventType "team"]
[EventRounds "7"]
[EventCountry "ESP"]
[Source "lmi"]
[SourceDate "2012.11.05"]

1. d4 Nf6 2. Nf3 g6 3. Bg5 Bg7 4. Nbd2 O-O 5. e4 d6 6. Be2 b6 7. O-O Bb7 8. Bd3
c5 9. c3 Nc6 10. d5 Ne5 11. Nxe5 dxe5 12. Qe2 Ne8 13. Ba6 Bxa6 14. Qxa6 Nd6 15.
f3 h5 16. a4 Kh7 17. Nc4 Qc8 18. Qxc8 Rfxc8 19. Nxd6 exd6 20. Be7 Rc7 21. Bg5
Rb8 22. Be3 f5 23. Kf2 Bh6 24. Bxh6 Kxh6 25. b3 f4 26. h4 Rg7 27. Rh1 g5 28.
hxg5+ Rxg5 29. Rh2 Kg6 30. Rah1 b5 31. a5 b4 32. c4 Rg8 33. Rh3 Kf6 34. R1h2
Rh8 35. Rh1 Ke7 36. R1h2 1/2-1/2

[Event "España tch - División de Honor 2012"]
[Site "Leon ESP"]
[Date "2012.11.05"]
[Round "1.16"]
[White "Alexandrova, Olga"]
[Black "Sanchez Ibern, Marc"]
[Result "1-0"]
[WhiteElo "2409"]
[BlackElo "2332"]
[PlyCount "79"]
[EventDate "2012.11.05"]
[EventType "team"]
[EventRounds "7"]
[EventCountry "ESP"]
[Source "lmi"]
[SourceDate "2012.11.05"]

1. d4 Nf6 2. c4 g6 3. f3 d5 4. cxd5 Nxd5 5. e4 Nb6 6. Nc3 Bg7 7. Be3 O-O 8. Qd2
Nc6 9. O-O-O f5 10. e5 Nb4 11. Nh3 Be6 12. Kb1 Qd7 13. Nf4 Rfd8 14. a3 a5 15.
Qc1 Bb3 16. Rd2 N4d5 17. Ncxd5 Nxd5 18. Rd3 Nxf4 19. Rxb3 Nd5 20. Bc4 c6 21.
Bxd5+ cxd5 22. Rc3 Rdc8 23. Qc2 b5 24. Rc1 Rc4 25. b3 Rxc3 26. Qxc3 a4 27. Qc6
Qxc6 28. Rxc6 axb3 29. Kb2 e6 30. Rxe6 Bf8 31. Rb6 Bxa3+ 32. Kxb3 Be7 33. Bh6
b4 34. Rb7 Bd8 35. Kxb4 g5 36. Rg7+ Kh8 37. Rd7 Kg8 38. Rg7+ Kh8 39. Rf7 Bb6
40. e6 1-0

[Event "España tch - División de Honor 2012"]
[Site "Leon ESP"]
[Date "2012.11.05"]
[Round "1.23"]
[White "Bauer, Christian"]
[Black "Fier, Alexandr"]
[Result "1/2-1/2"]
[WhiteElo "2639"]
[BlackElo "2567"]
[PlyCount "60"]
[EventDate "2012.11.05"]
[EventType "team"]
[EventRounds "7"]
[EventCountry "ESP"]
[Source "lmi"]
[SourceDate "2012.11.05"]

1. d4 Nf6 2. c4 g6 3. Nf3 Bg7 4. g3 O-O 5. Bg2 d6 6. Nc3 Nc6 7. O-O a6 8. Re1
Rb8 9. Rb1 Bf5 10. e4 Bg4 11. Be3 Nd7 12. Ne2 Na5 13. b3 c5 14. Qd2 e5 15. d5
b5 16. cxb5 Nf6 17. Qd3 axb5 18. b4 cxb4 19. Rxb4 Nc4 20. Nc3 Bd7 21. Reb1 Nxe3
22. Qxe3 Ra8 23. Qe2 Qa5 24. Nxb5 Bxb5 25. Rxb5 Qxa2 26. R5b2 Qa4 27. Rb4 Qa2
28. R4b2 Qa4 29. Rb4 Qa2 30. R4b2 Qa4 1/2-1/2

[Event "España tch - División de Honor 2012"]
[Site "Leon ESP"]
[Date "2012.11.05"]
[Round "1.25"]
[White "San Segundo Carrillo, Pablo"]
[Black "Alvarez Marquez, Johann"]
[Result "0-1"]
[WhiteElo "2509"]
[BlackElo "2407"]
[PlyCount "73"]
[EventDate "2012.11.05"]
[EventType "team"]
[EventRounds "7"]
[EventCountry "ESP"]
[Source "lmi"]
[SourceDate "2012.11.05"]

1. d4 Nf6 2. c4 c5 3. d5 e6 4. Nc3 exd5 5. cxd5 d6 6. h3 g6 7. Nf3 Bg7 8. Bf4
O-O 9. e3 a6 10. a4 Qe7 11. Be2 Nbd7 12. O-O Rb8 13. a5 Ne8 14. Nd2 Ne5 15. Qb3
Nc7 16. Rfe1 Bd7 17. Nde4 Rfc8 18. Bg5 f6 19. Bh4 Nb5 20. Nd2 c4 21. Bxc4 Nxc3
22. bxc3 g5 23. Bg3 f5 24. Rac1 Rc5 25. f4 Nxc4 26. Nxc4 Bb5 27. Nd2 Bd3 28. c4
Be4 29. fxg5 Be5 30. Nxe4 fxe4 31. Bxe5 Qxe5 32. Rf1 Qxg5 33. Rf4 Qe5 34. Rcf1
Rxa5 35. Qd1 Kh8 36. Qd2 Ra1 37. Rxa1 0-1

[Event "España tch - División de Honor 2012"]
[Site "Leon ESP"]
[Date "2012.11.05"]
[Round "1.32"]
[White "Shimanov, Alexandr"]
[Black "Ganguly, Surya Shekhar"]
[Result "1-0"]
[WhiteElo "2597"]
[BlackElo "2619"]
[PlyCount "110"]
[EventDate "2012.11.05"]
[EventType "team"]
[EventRounds "7"]
[EventCountry "ESP"]
[Source "lmi"]
[SourceDate "2012.11.05"]

1. d4 e6 2. Nf3 Nf6 3. Bg5 d5 4. e3 Be7 5. c4 O-O 6. Nc3 h6 7. Bxf6 Bxf6 8. Qb3
c6 9. Rd1 Nd7 10. Bd3 Qb6 11. Qc2 dxc4 12. Bxc4 c5 13. O-O cxd4 14. exd4 Qc7
15. Qe2 b6 16. d5 Bxc3 17. bxc3 exd5 18. Bxd5 Rb8 19. Qe7 Qxc3 20. Be4 Qc5 21.
Rxd7 Bxd7 22. Qxd7 Rfe8 23. Qxa7 Qc4 24. Bb1 Rbd8 25. g3 Qd5 26. Nh4 Re6 27.
Nf5 Qd2 28. Qc7 Rde8 29. Ne3 Rf6 30. Qc2 Qxc2 31. Bxc2 Rd8 32. Rd1 Rxd1+ 33.
Bxd1 g6 34. Bb3 Kg7 35. Kf1 Rd6 36. Ke2 Kf6 37. h4 Ke7 38. Ng4 g5 39. Ne3 Kf6
40. h5 Rc6 41. g4 b5 42. f3 Ke5 43. Bxf7 Kf4 44. Bb3 Rc8 45. Bd5 Rd8 46. Be4
Rd6 47. Nf5 Ra6 48. Bd5 b4 49. Kd3 Ke5 50. Kc4 Rxa2 51. Be4 Ra6 52. Kxb4 Rb6+
53. Kc4 Ra6 54. Bc6 Kf6 55. Nxh6 Ra5 1-0

[Event "España tch - División de Honor 2012"]
[Site "Leon ESP"]
[Date "2012.11.05"]
[Round "1.33"]
[White "Delchev, Aleksander"]
[Black "Ivanov, Sergey"]
[Result "1-0"]
[WhiteElo "2587"]
[BlackElo "2542"]
[PlyCount "55"]
[EventDate "2012.11.05"]
[EventType "team"]
[EventRounds "7"]
[EventCountry "ESP"]
[Source "lmi"]
[SourceDate "2012.11.05"]

1. e4 c5 2. Nf3 e6 3. d4 cxd4 4. Nxd4 Nc6 5. Nc3 Qc7 6. Be3 Nf6 7. f4 Bb4 8.
Ndb5 Qa5 9. e5 Nd5 10. Bd2 Nxc3 11. bxc3 Bc5 12. c4 Qd8 13. Qg4 O-O 14. Bd3 b6
15. Bc3 Ba6 16. Nd6 Bxd6 17. exd6 f6 18. O-O Na5 19. Rf3 Qe8 20. Rh3 g6 21. Qh4
Qf7 22. Bxg6 Qxg6 23. Rg3 Kg7 24. f5 exf5 25. Rf1 Nxc4 26. Rxf5 Ne5 27. Rxe5
fxe5 28. Bxe5+ 1-0

[Event "España tch - División de Honor 2012"]
[Site "Leon ESP"]
[Date "2012.11.05"]
[Round "1.34"]
[White "Ibarra Jerez, Jose Carlos"]
[Black "Ubilava, Elizbar"]
[Result "1-0"]
[WhiteElo "2528"]
[BlackElo "2509"]
[PlyCount "45"]
[EventDate "2012.11.05"]
[EventType "team"]
[EventRounds "7"]
[EventCountry "ESP"]
[Source "lmi"]
[SourceDate "2012.11.05"]

1. e4 c5 2. Nf3 e6 3. b3 d5 4. exd5 exd5 5. Bb5+ Bd7 6. Bxd7+ Nxd7 7. O-O Be7
8. Re1 Kf8 9. d4 Bf6 10. Ba3 Ne7 11. Ne5 Bxe5 12. dxe5 Qc7 13. Nc3 Qc6 14. Qd3
g6 15. Rad1 d4 16. Nb5 Rd8 17. Nxd4 cxd4 18. Qxd4 Rg8 19. e6 fxe6 20. Qf4+ Ke8
21. Rd6 Ne5 22. Qxe5 Rxd6 23. Bxd6 1-0

[Event "España tch - División de Honor 2012"]
[Site "Leon ESP"]
[Date "2012.11.05"]
[Round "1.35"]
[White "De La Villa Garcia, Jesus Maria"]
[Black "Rubio Tapia, Jose Juan"]
[Result "1/2-1/2"]
[WhiteElo "2463"]
[BlackElo "2115"]
[PlyCount "115"]
[EventDate "2012.11.05"]
[EventType "team"]
[EventRounds "7"]
[EventCountry "ESP"]
[Source "lmi"]
[SourceDate "2012.11.05"]

1. e4 e5 2. Bc4 Nf6 3. d4 exd4 4. Nf3 d5 5. exd5 Bb4+ 6. c3 dxc3 7. Qa4+ Nc6 8.
bxc3 Nxd5 9. cxb4 Qe7+ 10. Kf1 Be6 11. Bxd5 Bxd5 12. Nbd2 Qxb4 13. Qxb4 Nxb4
14. a3 Nd3 15. Ne1 Nf4 16. f3 O-O-O 17. Ne4 Bc4+ 18. Kf2 Rd1 19. Bb2 Rhd8 20.
Bxg7 f5 21. Rxd1 Rxd1 22. Ng3 Rd5 23. Bc3 c5 24. h4 b5 25. h5 Kb7 26. Nf1 Ne2
27. Bf6 f4 28. g3 b4 29. gxf4 Nxf4 30. axb4 cxb4 31. Rh4 Rf5 32. Bb2 Bxf1 33.
Kxf1 a5 34. Nc2 Nxh5 35. Nd4 Rd5 36. Ke2 Kb6 37. Bc1 Ng3+ 38. Kf2 Nf5 39. Nxf5
Rxf5 40. Be3+ Kb5 41. Rxh7 a4 42. Bd2 b3 43. Rh4 Rd5 44. Ke2 Rd8 45. Kd1 Kc5
46. Rh5+ Kc4 47. Rh4+ Kc5 48. Rh2 Kc4 49. Kc1 a3 50. Kb1 Rd3 51. Rf2 Rd8 52. f4
Rh8 53. Rf1 Rh2 54. Bc1 b2 55. Bxb2 Rxb2+ 56. Ka1 Rb6 57. Ka2 Kd5 58. Kxa3
1/2-1/2

[Event "España tch - División de Honor 2012"]
[Site "Leon ESP"]
[Date "2012.11.05"]
[Round "1.45"]
[White "Del Rio Angelis, Salvador Gabriel"]
[Black "Perez Candelario, Manuel"]
[Result "1/2-1/2"]
[WhiteElo "2484"]
[BlackElo "2579"]
[PlyCount "121"]
[EventDate "2012.11.05"]
[EventType "team"]
[EventRounds "7"]
[EventCountry "ESP"]
[Source "lmi"]
[SourceDate "2012.11.05"]

1. d4 d5 2. c4 e6 3. Nc3 c6 4. Nf3 dxc4 5. a4 Bb4 6. g3 c5 7. Bg2 Nc6 8. Be3
Nge7 9. O-O cxd4 10. Nxd4 O-O 11. Nc2 Bxc3 12. bxc3 Bd7 13. a5 Qc7 14. a6 b6
15. Na3 Rad8 16. Nxc4 Bc8 17. Qb3 e5 18. Qb5 Bd7 19. Rfd1 f6 20. Nxb6 Be6 21.
Nd5 Nxd5 22. Bxd5 Bxd5 23. Rxd5 Rxd5 24. Qxd5+ Kh8 25. Rb1 Rd8 26. Qe6 Na5 27.
Kg2 h6 28. Rb5 Rd6 29. Rc5 Nc6 30. Qe8+ Kh7 31. h4 Rd7 32. h5 Qd6 33. Qg6+ Kh8
34. Qe4 Ne7 35. Qc4 f5 36. Rb5 Nd5 37. Bxa7 Kh7 38. Bb8 Qxa6 39. Bxe5 Qe6 40.
Qc8 Ne7 41. Qa8 Nc6 42. Qa4 Re7 43. Rb6 Qd5+ 44. e4 Qxe5 45. Qxc6 fxe4 46. Rb5
Qe6 47. Qxe6 Rxe6 48. Rb2 Rc6 49. Rc2 Rc4 50. f3 exf3+ 51. Kxf3 g6 52. hxg6+
Kxg6 53. Ke3 Kf5 54. Rf2+ Ke5 55. Kd3 Rg4 56. Rf3 h5 57. Kc2 Kd6 58. Kb3 h4 59.
gxh4 Rxh4 60. c4 Rh1 61. Rg3 1/2-1/2

[Event "España tch - División de Honor 2012"]
[Site "Leon ESP"]
[Date "2012.11.05"]
[Round "1.46"]
[White "Garcia-Ortega Mendez, Jose M"]
[Black "Romero Holmes, Alfonso"]
[Result "0-1"]
[WhiteElo "2307"]
[BlackElo "2505"]
[PlyCount "50"]
[EventDate "2012.11.05"]
[EventType "team"]
[EventRounds "7"]
[EventCountry "ESP"]
[Source "lmi"]
[SourceDate "2012.11.05"]

1. d4 d6 2. e4 Nf6 3. Nc3 g6 4. Nf3 Bg7 5. Be2 O-O 6. O-O a6 7. a4 Nc6 8. d5
Nb4 9. a5 e6 10. h3 exd5 11. exd5 c6 12. Bc4 Bf5 13. Nd4 Bd7 14. dxc6 bxc6 15.
Bb3 c5 16. Nde2 d5 17. Bg5 Bc6 18. Re1 h6 19. Bh4 Re8 20. Ba4 d4 21. Nb1 Bxa4
22. Rxa4 d3 23. Rxb4 dxc2 24. Qxd8 Raxd8 25. Bxf6 Rxe2 0-1

[Event "España tch - División de Honor 2012"]
[Site "Leon ESP"]
[Date "2012.11.06"]
[Round "2.12"]
[White "Sargissian, Gabriel"]
[Black "Fluvia Poyatos, Joan"]
[Result "1-0"]
[WhiteElo "2679"]
[BlackElo "2490"]
[PlyCount "69"]
[EventDate "2012.11.05"]
[EventType "team"]
[EventRounds "7"]
[EventCountry "ESP"]
[Source "lmi"]
[SourceDate "2012.11.05"]
[WhiteTeam "Linex-Magic Extremadura"]
[BlackTeam "C.E. Barcelona Uga"]

1. d4 Nf6 2. c4 e6 3. Nf3 b6 4. g3 Bb7 5. Bg2 Be7 6. O-O O-O 7. Re1 Na6 8. Ne5
d5 9. cxd5 exd5 10. Nc3 c5 11. dxc5 Nxc5 12. Be3 Re8 13. Bd4 Ne6 14. e3 Nxd4
15. exd4 Bb4 16. Rc1 Rc8 17. Re3 Bxc3 18. Rexc3 Rxc3 19. Rxc3 Ne4 20. Rc1 f6
21. Ng4 Qe7 22. Qb3 Nd2 23. Qe3 Ne4 24. Qf4 Qb4 25. Bxe4 dxe4 26. Rc7 Qe1+ 27.
Kg2 e3+ 28. Rxb7 e2 29. Nxf6+ Kh8 30. Nxe8 Qf1+ 31. Kf3 e1=N+ 32. Ke4 Qd3+ 33.
Kd5 Qb5+ 34. Kd6 Qb4+ 35. Kd7 1-0

[Event "España tch - División de Honor 2012"]
[Site "Leon ESP"]
[Date "2012.11.06"]
[Round "2.14"]
[White "Ter-Sahakyan, Samvel"]
[Black "Asis Gargatagli, Hipolito"]
[Result "1/2-1/2"]
[WhiteElo "2580"]
[BlackElo "2474"]
[PlyCount "97"]
[EventDate "2012.11.05"]
[EventType "team"]
[EventRounds "7"]
[EventCountry "ESP"]
[Source "lmi"]
[SourceDate "2012.11.05"]
[WhiteTeam "Linex-Magic Extremadura"]
[BlackTeam "C.E. Barcelona Uga"]

1. e4 c5 2. Nf3 d6 3. d4 cxd4 4. Nxd4 Nf6 5. Nc3 a6 6. f4 Qc7 7. Be2 g6 8. g4
h6 9. Be3 e6 10. Bf3 Nbd7 11. Qe2 e5 12. g5 hxg5 13. fxg5 exd4 14. Bxd4 Ne5 15.
gxf6 Bh6 16. Bxe5 dxe5 17. Nd5 Qc6 18. O-O Be6 19. Bg2 Qc5+ 20. Kh1 O-O-O 21.
b4 Qd6 22. c4 Bf4 23. c5 Qf8 24. Nxf4 exf4 25. e5 Qh6 26. Bf3 Rd3 27. Rad1 Rxf3
28. Rxf3 Bg4 29. Rdf1 Qh5 30. c6 Re8 31. Qd3 Bxf3+ 32. Rxf3 bxc6 33. Qxa6+ Kc7
34. Qa7+ Kc8 35. Qa8+ Kc7 36. Qa7+ Kc8 37. Qa6+ Kc7 38. Qa7+ Kc8 39. Qa8+ Kc7
40. Qa5+ Kb7 41. Rd3 Qf5 42. b5 Qxd3 43. Qa6+ Kb8 44. Qb6+ Kc8 45. Qxc6+ Kd8
46. Qb6+ Kc8 47. Qc6+ Kd8 48. Qb6+ Kc8 49. Qb7+ 1/2-1/2

[Event "España tch - División de Honor 2012"]
[Site "Leon ESP"]
[Date "2012.11.06"]
[Round "2.15"]
[White "Fluvia Poyatos, Jordi"]
[Black "Perez Candelario, Manuel"]
[Result "1/2-1/2"]
[WhiteElo "2467"]
[BlackElo "2579"]
[PlyCount "34"]
[EventDate "2012.11.05"]
[EventType "team"]
[EventRounds "7"]
[EventCountry "ESP"]
[Source "lmi"]
[SourceDate "2012.11.05"]
[WhiteTeam "C.E. Barcelona Uga"]
[BlackTeam "Linex-Magic Extremadura"]

1. e4 g6 2. d4 Bg7 3. Nc3 c6 4. h4 h5 5. Be3 Qb6 6. a3 Nh6 7. f3 d5 8. exd5 Nf5
9. Bf2 Bxd4 10. Bxd4 Nxd4 11. Qd2 cxd5 12. O-O-O Nbc6 13. Nxd5 Qd8 14. Nb4 Qb6
15. Nd5 Qd8 16. Nb4 Qb6 17. Nd5 Qd8 1/2-1/2

[Event "España tch - División de Honor 2012"]
[Site "Leon ESP"]
[Date "2012.11.06"]
[Round "2.16"]
[White "Garcia-Ortega Mendez, Jose M"]
[Black "Alexandrova, Olga"]
[Result "0-1"]
[WhiteElo "2307"]
[BlackElo "2409"]
[PlyCount "122"]
[EventDate "2012.11.05"]
[EventType "team"]
[EventRounds "7"]
[EventCountry "ESP"]
[Source "lmi"]
[SourceDate "2012.11.05"]
[WhiteTeam "Linex-Magic Extremadura"]
[BlackTeam "C.E. Barcelona Uga"]

1. d4 Nf6 2. Nf3 c5 3. e3 d5 4. c4 cxd4 5. exd4 e6 6. Nc3 Be7 7. Bd3 O-O 8. O-O
Nc6 9. a3 dxc4 10. Bxc4 a6 11. d5 exd5 12. Nxd5 Nxd5 13. Bxd5 Bf6 14. Bxc6 Qxd1
15. Rxd1 bxc6 16. Bg5 Bxb2 17. Ra2 Rb8 18. Rb1 Be5 19. Rc1 Be6 20. Nxe5 Bxa2
21. Nd7 Rb5 22. Nxf8 Rxg5 23. Nd7 Rb5 24. f3 Bd5 25. Ne5 Rb6 26. Rc3 f6 27. Nc4
Rb1+ 28. Kf2 Kf7 29. Nd6+ Ke6 30. Ne8 Rb2+ 31. Kg3 g5 32. Nc7+ Kd6 33. Nxa6 Rb3
34. Rc1 Rxa3 35. Nc5 Ra2 36. Nd3 h5 37. h4 gxh4+ 38. Kh3 Ra4 39. Rc3 Be6+ 40.
Kh2 Rc4 41. Ra3 Bf5 42. Nb2 Rd4 43. Ra5 Be6 44. Na4 h3 45. gxh3 h4 46. Nc3 f5
47. Kg1 Rd3 48. Ra3 Bc4 49. Kf2 Ke6 50. Nb1 Rxa3 51. Nxa3 Bd3 52. Ke3 Bf1 53.
Kf4 c5 54. Nc2 Bd3 55. Ne1 Bf1 56. Nc2 Bxh3 57. Ne3 Bg2 58. Nxf5 h3 59. Ng7+
Kf7 60. Nh5 h2 61. Ng3 Ke6 0-1

[Event "España tch - División de Honor 2012"]
[Site "Leon ESP"]
[Date "2012.11.06"]
[Round "2.24"]
[White "Edouard, Romain"]
[Black "Ibarra Jerez, Jose Carlos"]
[Result "1/2-1/2"]
[WhiteElo "2688"]
[BlackElo "2528"]
[PlyCount "63"]
[EventDate "2012.11.05"]
[EventType "team"]
[EventRounds "7"]
[EventCountry "ESP"]
[Source "lmi"]
[SourceDate "2012.11.05"]
[WhiteTeam "Sestao Naturgas Energia"]
[BlackTeam "C.A. Reverte Albox"]

1. e4 e5 2. Nf3 Nc6 3. Bb5 Nd4 4. Nxd4 exd4 5. O-O c6 6. Bc4 Nf6 7. Re1 d6 8.
c3 Ng4 9. h3 Ne5 10. d3 Qb6 11. Bb3 Be7 12. Qe2 g5 13. cxd4 Qxd4 14. Rd1 Ng6
15. Be3 Qg7 16. Qh5 Nf4 17. Bxf4 gxf4 18. Nc3 Rg8 19. Qf3 Qh6 20. Kf1 Rg7 21.
d4 Bd7 22. Ne2 Bg5 23. Ba4 b5 24. Bc2 Kf8 25. b4 f6 26. Bb3 Re7 27. a4 bxa4 28.
Rxa4 Be8 29. Qd3 Qg6 30. Nc3 Rb8 31. b5 cxb5 32. Ra6 1/2-1/2

[Event "España tch - División de Honor 2012"]
[Site "Leon ESP"]
[Date "2012.11.06"]
[Round "2.25"]
[White "Rubio Tapia, Jose Juan"]
[Black "Del Rio Angelis, Salvador Gabriel"]
[Result "0-1"]
[WhiteElo "2115"]
[BlackElo "2484"]
[PlyCount "74"]
[EventDate "2012.11.05"]
[EventType "team"]
[EventRounds "7"]
[EventCountry "ESP"]
[Source "lmi"]
[SourceDate "2012.11.05"]
[WhiteTeam "C.A. Reverte Albox"]
[BlackTeam "Sestao Naturgas Energia"]

1. d4 d6 2. c4 e5 3. d5 f5 4. Nc3 Nf6 5. e4 fxe4 6. Nge2 Bf5 7. Ng3 Bg6 8. Be2
Be7 9. O-O O-O 10. Bg4 Na6 11. Be3 Kh8 12. Bf5 Bxf5 13. Nxf5 Qd7 14. Ng3 c5 15.
Ncxe4 Nxe4 16. Nxe4 b5 17. b3 Rab8 18. Qe2 Nc7 19. Rad1 bxc4 20. bxc4 Na8 21.
Bc1 Nb6 22. Rd3 Nxc4 23. Rh3 Nb6 24. Qd3 Qf5 25. f4 c4 26. Qe2 exf4 27. Rxf4
Qe5 28. Rg4 Nxd5 29. Qc2 Qf5 30. Qd1 Rb1 31. Rxg7 Qf1+ 32. Qxf1 Rxf1+ 33. Kxf1
Rxc1+ 34. Ke2 Kxg7 35. Ra3 c3 36. Rxa7 c2 37. Kd2 Re1 0-1

[Event "España tch - División de Honor 2012"]
[Site "Leon ESP"]
[Date "2012.11.06"]
[Round "2.33"]
[White "Fier, Alexandr"]
[Black "Ganguly, Surya Shekhar"]
[Result "1-0"]
[WhiteElo "2567"]
[BlackElo "2619"]
[PlyCount "113"]
[EventDate "2012.11.05"]
[EventType "team"]
[EventRounds "7"]
[EventCountry "ESP"]
[Source "lmi"]
[SourceDate "2012.11.05"]
[WhiteTeam "Equigoma Caja Social Catolica"]
[BlackTeam "C.A. Solvay"]

1. e4 e5 2. Nf3 Nc6 3. Bb5 a6 4. Ba4 Nf6 5. O-O b5 6. Bb3 Bc5 7. a4 Rb8 8. c3
d6 9. d4 Bb6 10. axb5 axb5 11. Na3 O-O 12. Nxb5 Bg4 13. Bc2 exd4 14. Nbxd4 Nxd4
15. cxd4 Bxf3 16. gxf3 Nh5 17. Kh1 Qf6 18. Be3 Ra8 19. Rxa8 Rxa8 20. Rg1 Nf4
21. Bb3 Ne6 22. Bd5 Rb8 23. Bxe6 Qxe6 24. Qd3 g6 25. Bd2 Ra8 26. Bc3 d5 27. e5
c5 28. Rd1 cxd4 29. Bxd4 Bxd4 30. Qxd4 Rb8 31. Kg2 Rb5 32. Ra1 Kg7 33. Ra8 h6
34. Qc3 Rb7 35. h4 h5 36. b4 Kh7 37. Rd8 Rd7 38. Rxd7 Qxd7 39. Qc5 Kg7 40. Qd6
Qb7 41. Kg3 Kh7 42. Kf4 Qc8 43. Qxd5 Qc1+ 44. Ke4 Qe1+ 45. Kd3 Qd1+ 46. Kc4
Qe2+ 47. Kc5 Qxf2+ 48. Kc6 Qc2+ 49. Kd6 Kg7 50. b5 Qf2 51. Kc6 Qxh4 52. b6 Qb4
53. b7 h4 54. Qd6 Qc4+ 55. Kb6 Qb3+ 56. Kc7 Qc3+ 57. Kd7 1-0

[Event "España tch - División de Honor 2012"]
[Site "Leon ESP"]
[Date "2012.11.06"]
[Round "2.34"]
[White "Delchev, Aleksander"]
[Black "Castellanos Rodriguez, Renier"]
[Result "1-0"]
[WhiteElo "2587"]
[BlackElo "2515"]
[PlyCount "69"]
[EventDate "2012.11.05"]
[EventType "team"]
[EventRounds "7"]
[EventCountry "ESP"]
[Source "lmi"]
[SourceDate "2012.11.05"]
[WhiteTeam "C.A. Solvay"]
[BlackTeam "Equigoma Caja Social Catolica"]

1. e4 c5 2. Nf3 e6 3. d4 cxd4 4. Nxd4 a6 5. Nc3 Qc7 6. Bd3 Nf6 7. O-O d6 8. Qe2
Nbd7 9. Bd2 Be7 10. Kh1 Nc5 11. f4 b5 12. b4 Nxd3 13. cxd3 Bb7 14. Rfc1 Qd8 15.
a4 bxa4 16. Nxa4 Rc8 17. Rxc8 Qxc8 18. Rc1 Qd7 19. Nb6 Qd8 20. Nc4 O-O 21. Na5
Qd7 22. Nxb7 Qxb7 23. Nc6 Re8 24. Be1 Bd8 25. Bh4 e5 26. fxe5 dxe5 27. Qf3 Qd7
28. h3 Re6 29. Nxd8 Qxd8 30. d4 Qd7 31. d5 Rb6 32. Qc3 Qe8 33. Bxf6 Rxf6 34.
Qc7 h5 35. Ra1 1-0

[Event "España tch - División de Honor 2012"]
[Site "Leon ESP"]
[Date "2012.11.06"]
[Round "2.35"]
[White "Alvarez Marquez, Johann"]
[Black "Ubilava, Elizbar"]
[Result "1-0"]
[WhiteElo "2407"]
[BlackElo "2509"]
[PlyCount "131"]
[EventDate "2012.11.05"]
[EventType "team"]
[EventRounds "7"]
[EventCountry "ESP"]
[Source "lmi"]
[SourceDate "2012.11.05"]
[WhiteTeam "Equigoma Caja Social Catolica"]
[BlackTeam "C.A. Solvay"]

1. d4 Nf6 2. c4 e6 3. Nc3 Bb4 4. Qc2 O-O 5. a3 Bxc3+ 6. Qxc3 b6 7. Bg5 Bb7 8.
e3 d6 9. Ne2 Nbd7 10. Qd3 h6 11. Bh4 e5 12. Nc3 Re8 13. d5 a5 14. b3 Nf8 15.
Be2 Bc8 16. h3 Bd7 17. O-O-O Ng6 18. Bg3 Nh7 19. h4 f5 20. h5 e4 21. Qd4 Ne5
22. f4 Ng4 23. Bxg4 fxg4 24. Bh4 Nf6 25. f5 Qe7 26. Rdf1 Qf7 27. Bxf6 Qxf6 28.
Qxf6 gxf6 29. Rh4 g3 30. Rxe4 Kf7 31. Rxe8 Rxe8 32. e4 Rg8 33. Kd2 Rg5 34. Rh1
Ke7 35. Ne2 Be8 36. Nf4 Kd7 37. Ke3 Bf7 38. Kf3 Be8 39. Rh3 Bf7 40. Ng6 Ke8 41.
Rxg3 Rxg3+ 42. Kxg3 Kd7 43. Kf4 Kd8 44. Ke3 Kd7 45. Kd4 Kd8 46. b4 axb4 47.
axb4 Be8 48. c5 bxc5+ 49. bxc5 Ba4 50. c6 Bc2 51. Ke3 Bd1 52. Nf4 Bg4 53. Ne6+
Kc8 54. Ng7 Kd8 55. Kf4 Bd1 56. g4 Be2 57. Ne6+ Kc8 58. g5 fxg5+ 59. Nxg5 Bxh5
60. Ne6 Bd1 61. f6 Bh5 62. Ng7 Bg6 63. Nf5 Kd8 64. Nxh6 Ke8 65. e5 dxe5+ 66.
Kxe5 1-0